Nezamestnanosť a nečinnosť obyvateľstva vybraných krajín EÚ

Nezamestnanosť a nečinnosť obyvateľstva v krajinách Európskej únie. Vzájomný vzťah medzi nezamestnanosťou a nečinnosťou. Príčiny a dôsledky nezamestnanosti a nečinnosti.

Salvato in:
Dettagli Bibliografici
Autore principale: Moravčíková, Elena, 1967-
Natura: Capitolo di libro
Lingua:slovacco
Soggetti:
Tags: Aggiungi Tag
Nessun Tag, puoi essere il primo ad aggiungerne!!

MARC

LEADER 00000naa$a2200000$$$4500
001 0280686
005 20240502074346.2
041 0 |a slo 
044 |a SK 
245 1 0 |a Nezamestnanosť a nečinnosť obyvateľstva vybraných krajín EÚ  |c Elena Moravčíková 
520 |a Nezamestnanosť a nečinnosť obyvateľstva v krajinách Európskej únie. Vzájomný vzťah medzi nezamestnanosťou a nečinnosťou. Príčiny a dôsledky nezamestnanosti a nečinnosti. 
610 2 0 |a nezamestnanosť 
610 2 0 |a trh práce 
610 2 0 |a Európska únia 
100 1 |a Moravčíková, Elena, 1967-